Maitrisez-vous les fuseaux horaires ? Très difficile 1 - Statistiques

Statistiques générales
  • Ce quiz a été pris 9 fois
  • Le résultat moyen est 6 sur 20
Statistiques - réponses
Hint Réponse % Correct
New-York - 22 heures 4 heures
63%
Londres - 8 heures 9 heures
63%
Prétoria - 7 heures 7 heures
50%
Zanzibar - 11 heures 10 heures
38%
Mayotte - midi 11 heures
38%
Saint-Louis-du-Sénégal - 16 heures 18 heures
38%
Kyoto - 3 heures 20 heures
38%
Saint-Petersbourg - 23 heures 22 heures
38%
Sacramento - minuit 9 heures
38%
Wallis - 10 heures Minuit
38%
Séoul - 19 heures 12 heures
25%
Delhi - 18 heures 14h30
25%
Sydney - 4 heures 20 heures
25%
Nairobi - 9 heures 8 heures
25%
Sofia - 1 heure Minuit
25%
Rio de Janeiro - 20 heures 1 heure
13%
Valparaiso - 17 heures 23 heures
13%
Katmandou - 6 heures 2h15
13%
Shanghaï - 14 heures 8 heures
13%
Perth - 15 heures 9 heures
13%
Aucun quiz correspondant
Distribution des résultats
% des personnes avec chaque résultat
Percentile par nombre de réponses
Votre historique - résultats
Vous n’avez pas pris ce quiz